000 00417cam a2200169ua 4500
041 _aeng
_h
082 _a421.1
_bWAR/SH
100 _aWarner, Alan .
245 _aShort guide to English style /
_cAlan Warner.
_hTextual Documents
250 _a1 /
_b.
260 _aLondon :
_bOxford University Press ,
_c1963.
300 _a198 ; .
504 _a
942 _cBK
999 _c8646
_d8646